Intento de reforma de la Hacienda en 1817 / (Record no. 112258)

MARC details
000 -LEADER
campo de control de longitud fija 00787nam a2200217 4500
001 - NÚMERO DE CONTROL
campo de control 112258
003 - IDENTIFICADOR DE NÚMERO DE CONTROL
campo de control ES-MaACL
005 - FECHA Y HORA DE LA ÚLTIMA TRANSACCIÓN
campo de control 20240510213343.0
007 - CAMPO FIJO DE DESCRIPCIÓN FÍSICA--INFORMACIÓN GENERAL
campo de control de longitud fija t|
008 - DATOS DE LONGITUD FIJA--INFORMACIÓN GENERAL
campo de control de longitud fija 061121s1967 sp r ||||1| spa d
100 1# - ENTRADA PRINCIPAL--NOMBRE DE PERSONA
Nombre de persona Ortega Costa, Antonio de P.
9 (RLIN) 87448
245 10 - MENCIÓN DEL TÍTULO
Título Intento de reforma de la Hacienda en 1817 /
Mención de responsabilidad, etc. Antonio de P. Ortega Costa, Ana María García Osma.
260 ## - PUBLICACIÓN, DISTRIBUCIÓN, ETC.
Lugar de publicación, distribución, etc. Madrid :
Nombre del editor, distribuidor, etc. [s.n.],
Fecha de publicación, distribución, etc. 1967 (
Fabricante Gráf. Valera)
300 ## - DESCRIPCIÓN FÍSICA
Extensión 15 p. ;
Dimensiones 28 cm.
595 ## -
-- Tirada aparte de: Boletín del Ilustre Colegio Nacional de Economistas, n. 51-52, 1966.
650 #0 - PUNTO DE ACCESO ADICIONAL DE MATERIA--TÉRMINO DE MATERIA
Término de materia o nombre geográfico como elemento de entrada Hacienda pública-
Subdivisión geográfica España-
Subdivisión cronológica S.XIX
9 (RLIN) 227084
700 1# - ENTRADA AGREGADA--NOMBRE PERSONAL
Nombre de persona García Osma, Ana María.
9 (RLIN) 55066
710 2# - ENTRADA AGREGADA--NOMBRE DE ENTIDAD CORPORATIVA
Nombre de entidad corporativa o nombre de jurisdicción como elemento de entrada Colegio Nacional de Economistas.
9 (RLIN) 2937
852 ## - LOCALIZACIÓN
Ubicación ES-MaACL
Número de control de estantería 2063-F-9
Holdings
Estatus retirado Estado de pérdida Estado de daño No para préstamo Colección Biblioteca de origen Biblioteca actual Ubicación en estantería Fecha de adquisición Fuente de adquisición Total de préstamos Signatura topográfica completa Código de barras Visto por última vez Precio de reemplazo Tipo de ítem Koha
        Colección de folletos Biblioteca del Ateneo de Madrid Biblioteca del Ateneo de Madrid Depósito folletos 17/01/2008     2063-F-9 1117100 23/02/2023 23/02/2023 Folleto